| 000 | 00557pab a2200181 454500 | ||
|---|---|---|---|
| 008 | 180718b2010 xxu||||| |||| 00| 0 eng d | ||
| 100 | _aLee, Sam Youl | ||
| 245 | _aDual faces of ministerial leadership in South Korea: does political responsiveness or administrative responsibility enhance perceived ministerial performance? | ||
| 260 | _c2010 | ||
| 300 | _ap.77-101. | ||
| 362 | _aSupplement | ||
| 650 | _aLeadership | ||
| 700 | _aHahm, Sung Deuk | ||
| 700 | _aMoon, M. Jae | ||
| 773 | _aAdministration and Society | ||
| 908 | _aN | ||
| 909 | _a86644 | ||
| 999 |
_c86644 _d86644 |
||